Pieds nus dans l´ aube

Bewaard in:
Bibliografische gegevens
Hoofdauteur: Leclerc, Félix
Formaat: Boek
Taal:Undetermined
Gepubliceerd in: Montreal, Canadá ides 1946
Onderwerpen:
Tags: Voeg label toe
Geen labels, Wees de eerste die dit record labelt!

MARC

LEADER 00000nam a2200000Ia 4500
008 170316s9999 xx 000 0 und d
040 |a cru BVZT 
090 |a 818 L-14p 
100 |a Leclerc, Félix 
245 |a Pieds nus dans l´ aube 
260 |a Montreal, Canadá 
260 |b ides 
260 |c 1946 
300 |a 215 páginas 
650 |a LITERATURA CANADIENSE 
999 |c 6509  |d 6509 
942 |c 15 D  |h 818 L-14p  |2 z